000
00291nam a22001337a 4500
008
170627b xxu||||| |||| 00| 0 eng d
020
_a
9780321045959
041
_a
eng
080
_a
5
100
_a
21
101
_a
GJL
245
_a
A COMMUNITY OF READERS
_c
ALEXANDER,R
942
_2
udc
_c
BK
999
_c
19202
_d
19202